The standardization of american english
Bewaard in:
| Hoofdauteur: | |
|---|---|
| Formaat: | Boek |
| Taal: | Engels |
| Gepubliceerd in: |
Concepción
Universidad de Concepción
1984
|
| Reeks: | Serie linguística, 4
|
| Onderwerpen: | |
| Tags: |
Voeg label toe
Geen labels, Wees de eerste die dit record labelt!
|
MARC
| LEADER | 00000nam a2200000 a 4500 | ||
|---|---|---|---|
| 001 | UCX1714 | ||
| 003 | CL-VaPUC | ||
| 008 | 901024e19840000CL |||||||||||||||||eng|d | ||
| 082 | 0 | 4 | |a 428 |b GAL |2 21 |
| 100 | |a Gallardo, Andrés |e author |9 558048 | ||
| 245 | 1 | 4 | |a The standardization of american english |
| 300 | |a 197 p | ||
| 942 | |c BK | ||
| 945 | |d 19901024 00:00:00 | ||
| 260 | |a Concepción |b Universidad de Concepción |c 1984 | ||
| 650 | 7 | |a INGLES NORMALIZACION |2 CL-VaPUC |9 317331 | |
| 651 | 0 | |a Estados Unidos |9 255178 | |
| 583 | |a last modification |c 19901024 00:00:00 |k Rodrigo Vera | ||
| 490 | 0 | |a Serie linguística, 4 | |
| 999 | |c 222885 |d 222883 | ||
| 952 | |0 0 |1 0 |4 0 |6 428_000000000000000_GAL_1984 |7 0 |8 A |9 218176 |a BIBEDU |b BIBEDU |d 2019-11-15 |i 2870169 |o 428 GAL 1984 |p 2870169 |r 2019-11-15 |w 2019-11-15 |y BK |k LIT | ||
| 952 | |0 0 |1 0 |4 0 |6 428_000000000000000_GAL_1984 |7 0 |8 A |9 218177 |a FDOPOS |b FDOPOS |d 2019-11-15 |i 3841634 |o 428 GAL 1984 |p 3841634 |r 2025-01-22 |w 2019-11-15 |y BK |k MLA | ||